Geetha hariharan and her women / (Record no. 40224)

MARC details
000 -LEADER
fixed length control field 00732nam a22002177a 4500
005 - DATE AND TIME OF LATEST TRANSACTION
control field 20100809103132.0
010 ## - LCCN (DPL NO)
LC control number ENG-99045
020 ## - INTERNATIONAL STANDARD BOOK NUMBER
International Standard Book Number 818998506X
Terms of availability 75.00
020 ## - INTERNATIONAL STANDARD BOOK NUMBER
International Standard Book Number 9788189985066
Terms of availability 75.00
035 ## - SYSTEM CONTROL NUMBER
System control number EN-82577
037 ## - SOURCE OF ACQUISITION
Source of stock number/acquisition DBAD/PUB
082 ## - DEWEY DECIMAL CLASSIFICATION NUMBER
Classification number 883.08
100 ## - MAIN ENTRY--PERSONAL NAME
Personal name Palani, N.
245 ## - TITLE STATEMENT
Title Geetha hariharan and her women /
Statement of responsibility, etc by N. Palani
260 ## - PUBLICATION, DISTRIBUTION, ETC. (IMPRINT)
Place of publication, distribution, etc Chennai
Name of publisher, distributor, etc Mayura Books
Date of publication, distribution, etc 2009
270 ## - ADDRESS
Address No.12/1, East Mada Street, Mytapore
City Chennai
Postal code 600004
300 ## - PHYSICAL DESCRIPTION
Extent 72p.
Dimensions 21cm (pbk)
500 ## - GENERAL NOTE
General note Includes bibliographical references
942 ## - ADDED ENTRY ELEMENTS (KOHA)
Source of classification or shelving scheme Dewey Decimal Classification
Item type English Books
Call number suffix PAL
Holdings
Withdrawn status Lost status Not for loan Collection code Home library Current library Date acquired Source of acquisition Cost, normal purchase price Full call number Barcode Copy number Cost, replacement price Koha item type
    Not For Loan Non-fiction D.B.Act.Division D.B.Act.Division 09/08/2010 DBAD/PUB 75.00 883.08 PAL EN-82577 1 75.00 English Books

© Delhi Public Library
Hit Counter
free hit counter